Manual de dificultades de aprendizaje: lenguaje, lecto-escritura y matemáticas
Saved in:
| Main Author: | |
|---|---|
| Format: | Book |
| Language: | Spanish |
| Published: |
Madrid
Narcea
1998
|
| Edition: | 3a. ed |
| Series: | Educación Hoy. Estudios
|
| Subjects: | |
| Tags: |
Add Tag
No Tags, Be the first to tag this record!
|
MARC
| LEADER | 00000nam a2200000 a 4500 | ||
|---|---|---|---|
| 001 | UCM9253 | ||
| 003 | CL-VaPUC | ||
| 008 | 030417e19980000SP |||||||||||||||||spa|d | ||
| 020 | |a 8427711336 | ||
| 082 | 0 | 4 | |a 371.926 |b GAR |2 21 |
| 100 | |a García Sánchez, Jesús Nicasio |e author |9 475675 | ||
| 245 | 1 | 0 | |a Manual de dificultades de aprendizaje: lenguaje, lecto-escritura y matemáticas |
| 250 | |a 3a. ed | ||
| 300 | |a 285 p | ||
| 942 | |c BK | ||
| 945 | |d 20030417 00:00:00 |a vberengu | ||
| 260 | |a Madrid |b Narcea |c 1998 | ||
| 650 | 0 | |a Trastornos del aprendizaje |9 307969 | |
| 650 | 0 | |a Aprendizaje |9 254827 | |
| 650 | 0 | |a Trastornos del lenguaje |9 336278 | |
| 650 | 0 | |a Enseñanza de la lectura |9 308364 | |
| 650 | 0 | |a Enseñanza de la escritura |9 307377 | |
| 650 | 0 | |a Matemáticas |x Enseñanza |9 875527 | |
| 583 | |a last modification |c 20030417 00:00:00 |k Rodrigo Vera | ||
| 490 | 0 | |a Educación Hoy. Estudios | |
| 999 | |c 303579 |d 303577 | ||
| 952 | |0 0 |1 0 |4 0 |6 371_926000000000000_GAR_1998 |7 0 |8 R |9 364985 |a BIBEDU |b BIBEDU |c MCIRC |d 2019-11-21 |i 3891682 |o 371.926 GAR 1998 |p 3891682 |r 2023-01-13 |w 2019-11-21 |y BK_R |k BME | ||
| 952 | |0 0 |1 0 |4 0 |6 371_926000000000000_GAR_1998 |7 0 |8 R |9 364986 |a BIBEDU |b BIBEDU |c MCIRC |d 2019-11-21 |i 4026004 |l 1 |o 371.926 GAR 1998 |p 4026004 |r 2023-01-13 |s 2022-03-14 |w 2019-11-21 |y BK_R |k EDI | ||